Студент и научно-технический прогресс. История: материалы XLVI Международной научной студенческой конференции, 27-30 апреля 2008 г., г. Новосибирск

ग्रंथसूची विवरण
निगमित लेखकों: Российская академия наук (РАН) Сибирское отделение (СО), Новосибирский государственный университет (НГУ), Студент и научно-технический прогресс Международная научная студенческая конференция
भाषा:रूसी
प्रकाशित: Новосибирск, Изд-во НГУ, 2008
विषय:
स्वरूप: MixedMaterials पुस्तक
KOHA link:https://koha.lib.tpu.ru/cgi-bin/koha/opac-detail.pl?biblionumber=220619

MARC

LEADER 00000nam0a2200000 4500
001 220619
005 20231031195438.0
035 |a (RuTPU)RU\TPU\book\240744 
035 |a RU\TPU\book\240721 
035 |a RU\TPU\book\240725 
090 |a 220619 
100 |a 20120828d2008 k y0rusy50 ca 
101 0 |a rus 
102 |a RU 
105 |a y z 101zy 
200 1 |a Студент и научно-технический прогресс. История  |e материалы XLVI Международной научной студенческой конференции, 27-30 апреля 2008 г., г. Новосибирск  |f Российская академия наук (РАН), Сибирское отделение (СО); Новосибирский государственный университет (НГУ) 
210 |a Новосибирск  |c Изд-во НГУ  |d 2008 
215 |a 222 с. 
320 |a Библиография в конце докладов. 
606 1 |a Всеобщая история  |2 stltpush  |3 (RuTPU)RU\TPU\subj\3762 
610 1 |a древность 
610 1 |a средневековье 
610 1 |a новая история 
610 1 |a новейшая история 
610 1 |a отечественная история 
610 1 |a Россия 
610 1 |a история России 
610 1 |a социально-экономические проблемы 
610 1 |a демографические проблемы 
610 1 |a общественно-политическое развитие 
610 1 |a культура 
610 1 |a идеология 
610 1 |a советское общество 
610 1 |a постсоветское общество 
610 1 |a конференции 
610 1 |a материалы конференций 
686 |a Т3(0)я431  |v LBC/SL-A  |2 rubbk 
712 0 2 |a Российская академия наук (РАН)  |b Сибирское отделение (СО)  |c (Новосибирск)  |2 stltpush  |3 (RuTPU)RU\TPU\col\5931 
712 0 2 |a Новосибирский государственный университет (НГУ)  |2 stltpush  |3 (RuTPU)RU\TPU\col\721 
712 1 2 |a Студент и научно-технический прогресс  |b Международная научная студенческая конференция  |d 46  |e Новосибирск  |f 2008 
801 1 |a RU  |b 63413507  |c 20120828 
801 2 |a RU  |b 63413507  |c 20120920  |g RCR 
942 |c BK